=LDR 00000nam 2200000 4500 =001 INLIS000000000041117 =005 20130612150651 =008 ***********************************ind** =035 ##$$0010-061300000041117 =041 ##$$a ind =082 ##$$a 641.5 =090 ##$$a 641.5 , Erw ,a =100 ##$$a ERWIN, Dili T =245 ##$$a Aroma Rasa Kuliner Indonesia , Sajian lezat olahan ikan air tawar , Dili T.Erwin =260 ##$$a 2010 $b Jakarta =300 ##$$a 55 hlm. , Illus , 21 cm =650 ##$$a MASAKAN (IKAN) - RESEP =850 ##$$a NBPNMAT